000 00338nam a2200133Ia 4500
005 20260328104314.0
008 260328s9999||||xx |||||||||||||| ||und||
100 _aMobel, Behr
245 0 _aMuseumsbau in der Bundesrepublik deutschland /
_cBehr Mobel
260 _bInter Nationes
300 _a61 p.
650 _aALEMANIA
942 _cBK
999 _c11100
_d11100